Relational database writings, 1989-1991 /

Guardado en:
Autor Principal: Date, C. J.
Otros Autores: Darwen, Hugh.
Formato: Libro
Idioma:English
Publicado: Reading, Mass. : Addison-Wesley, c1992.
Materias:
Etiquetas: Agregar Etiqueta
Sin Etiquetas, Sea el primero en etiquetar este registro!
LEADER 00650cam a2200205 a 4500
001 MAT.inmabb003395
008 910806s1992####mau######b####001#0#eng##
005 20130419121920.0
245 1 0 |a Relational database writings, 1989-1991 /  |c C. J. Date with Hugh Darwen. 
260 |a Reading, Mass. :  |b Addison-Wesley,  |c c1992. 
300 |a xxii, 521 p. ;  |c 25 cm. 
504 |a Incluye referencias bibliográficas e índice. 
020 |a 0201543036 
100 1 |a Date, C. J. 
700 1 |a Darwen, Hugh. 
650 0 |a Relational databases. 
084 |a 68P15  |2 msc2000 
010 |a  91029471  
040 |a DLC  |c DLC  |d DLC 
859 |h 68  |i D232-2  |p A-6789  |b BIB. MATEMATICA